000 00440pab a2200181 454500
008 180718b2014 xxu||||| |||| 00| 0 eng d
100 _aMitra, Subrata K.
245 _aElectoral reform and the deepening of democracy in India
260 _c2014
300 _ap.41-45.
362 _aJul
650 _aDemocracy - India
650 _aElections - India
650 _aElections
773 _aYojana
908 _aN
909 _a104515
999 _c104511
_d104511